000
00300nam a22001337a 4500
008
170203b xxu||||| |||| 00| 0 eng d
020
_a
9780781782104
041
_a
eng
080
_2
3RD
_a
61
100
_a
61
101
_a
SHM
245
_a
DESIGNING CLINICAL RESEARCH
_c
HULLEY, S.B
942
_2
udc
_c
BK
999
_c
4430
_d
4430